|
|
|
|
| LEADER |
01243naa a2200241 i 4500 |
| 001 |
acta87300 |
| 005 |
20250507120709.0 |
| 008 |
250507s2025 hu o 100 eng d |
| 020 |
|
|
|a 978-963-688-042-2
|
| 040 |
|
|
|a SZTE Egyetemi Kiadványok Repozitórium
|b hun
|
| 041 |
|
|
|a eng
|
| 100 |
1 |
|
|a Gustavson Natalija
|
| 245 |
1 |
0 |
|a Primary school teacher's assessment of a student's competence as a predictor of academic achievement throughout primary school
|h [elektronikus dokumentum] :
|b [abstract] /
|c Gustavson Natalija
|
| 260 |
|
|
|a Szegedi Tudományegyetem, Neveléstudományi Doktori Iskola
|b Szeged
|c 2025
|
| 300 |
|
|
|a 70
|
| 490 |
0 |
|
|a Pedagógiai Értékelési Konferencia
|v 21
|
| 650 |
|
4 |
|a Társadalomtudományok
|
| 650 |
|
4 |
|a Oktatástudomány
|
| 695 |
|
|
|a Pedagógiai értékelés - általános iskola - előadáskivonat, Pedagógiai kutatás - előadáskivonat, Kompetenciamérés - általános iskola - előadáskivonat, Longitudinális vizsgálat - általános iskola - előadáskivonat
|
| 700 |
0 |
1 |
|a Koivuhovi Satu
|e aut
|
| 700 |
0 |
1 |
|a Vainikainen Mari Pauliina
|e aut
|
| 711 |
|
|
|a XXI. Pedagógiai Értékelési Konferencia
|c Szeged
|d 2025. április 10-12.
|
| 856 |
4 |
0 |
|u http://acta.bibl.u-szeged.hu/87300/1/pek_2025_070.pdf
|z Dokumentum-elérés
|